01917nam a2200337 a 450000100100000000500170001000800410002704000250006808200250009310000330011824500940015125000120024526000380025730000200029549000350031550501820035059000260053265000810055865000350063965000710067465000310074570000400077683000430081691000370085995201380089695201380103495201380117295201230131095201290143399900170156200002783520260114121206.0110405s2004 dr 000 0 spa d aDO-SdBNPbspacBNPHU a370.115bR457e, 20041 aReyes, Eileen, de los95490510aEducación, tecnología y sociedad /cEileen de los Reyes, María P. Ruiz-Gutiérrez. a2ª ed. aSanto Domingo :bFUNGLODE,c2004. a57 p. ;c24 cm.1 aPensamiento Contemporáneov50 tLa educación como promotora de la democracia participativa /rEileen de los Reyes --tTecnología educativa: nuevos retos, nuevas perspectivas /rMaría P. Ruiz-Gutiérrez. aInventariado, 2018/LP 4aEducaciónxInnovaciones tecnológicasxEnsayos, conferencias, etc.954906 0aTecnología educativa 918772 4aSociología de la educaciónxEnsayos, conferencias, etc.938536 0aEducación cívica912061 aRuiz Gutiérrez, María P.954907 0aPensamiento Contemporáneo ;v597292 aValidado. Control de calidad EMS 001154708DSaGRbGRcMId2014-03-18iLF1l0o370.115 R457e, 2004p27835-40r2020-06-25te. 4w2020-06-25yLFDSZPréstamo en sala 001154708DSaGRbGRcMId2014-03-18iLF1l0o370.115 R457e, 2004p27835-50r2020-06-25te. 5w2020-06-25yLFDSZPréstamo en sala 001054708DSaGRbGRcHDd2011-04-18iLF1l0o370.115 R457e, 2004p27835-30r2020-06-25te. 3w2020-06-25yLFDSZPréstamo en sala 0010718PDaPDbPDcHDd2011-04-06iLF1l0o370.115 R457e, 2004p27835-10r2020-06-25w2020-06-25yLFPDZNo se presta 0010718PDaPDbPDcHDd2011-04-18iLF1l0o370.115 R457e, 2004p27835-20r2020-06-25te. 2w2020-06-25yLFPDZNo se presta c27327d27327